000 00622nam a22002177a 4500
003 UA-OsUOA
001 93374
007 ta
008 20130118b un ||||| |||| 00| 0 ukr d
090 _a821.161.1
_bВ78
942 _cBK
040 _aUA-OsUOA
_brus
_cUA-OsUOA
_dUA-OsUOA
245 _aВосточная новелла
_cВорожейкина З., Фишман О.
300 _a317 с.
955 _a3
041 _arus
080 _a821.161.1
260 _aМ.
_bВосточная литература
_c1963
650 7 _a82 Література. Літературознавство
_2UDC
999 _c379620
_d379620